000 00732nam a2200277Ia 4500
005 20260324114508.0
008 008 260324s9999 xx 000 0 eng d
020 _a9781003257691
037 _aEBOOK
040 _aCRL
040 _beng
040 _cCRL
041 _2eng
041 _aeng
084 _qCRL
100 _aAmar Patnaik; Vikas Kukshal; Pankaj Agarwal; Ankush Sharma; Mahavir Choudhary
_91150910
245 0 _aApplication of Soft Computing Techniques in Mechanical Engineering
260 _bTaylor and Francis
260 _c2022
365 _a
365 _b260
856 _uhttp://www.taylorfrancis.com/books/9781003257691
942 _cEBOOK
999 _c1741222
_d1741222